Il y a - Vanessa Paradis paroles - Statistiques

Statistiques générales
  • Ce quiz a été pris 68 fois
  • Le résultat moyen est 177 sur 235
Statistiques - réponses
Réponse % Correct
a
100%
à
100%
Il
100%
100%
la
100%
y
100%
le
98%
les
93%
en
88%
on
88%
littérature
83%
pas
83%
se
83%
disant
80%
pourquoi
80%
demandant
76%
être
76%
sont
76%
choses
73%
qu'elles
73%
regarde
73%
temps
73%
Parfois
71%
telles
71%
des
68%
manque
68%
pourraient
68%
si
66%
mouvement
63%
quand
63%
qui
63%
tu
63%
vent
63%
ton
59%
devant
56%
prenait
56%
l'on
54%
contre
51%
juste
51%
luttent
51%
comme
49%
l'inertie
49%
allure
46%
marches
46%
cerf-volants
44%
d'élan
44%
l'envergure
44%
oiseaux
44%
mer
39%
peinture
39%
envolés
37%
distances
32%
serrures
32%
sous
32%
l'aventure
29%
un
27%
bordures
24%
silence
24%
fermées
22%
lalala
22%
fissures
20%
emmêlés
17%
mystères
15%
soupir
15%
murmures
10%
Aucun quiz correspondant
Distribution des résultats
% des personnes avec chaque résultat
Percentile par nombre de réponses
Votre historique - résultats
Vous n’avez pas pris ce quiz